[Event "Titled Tue 20th May Early"]
[Site "chess.com INT"]
[Date "2025.05.20"]
[Round "8"]
[White "Ristic, Nebojsa M"]
[Black "Rushbrooke, Remy"]
[Result "1-0"]
[WhiteTitle "IM"]
[WhiteElo "2248"]
[BlackElo "2090"]
[WhiteFideId "900850"]
[BlackFideId "443590"]
[EventDate "2025.05.20"]

1. d4 d5 2. Bf4 Nf6 3. e3 c5 4. Nf3 e6 5. Nbd2 Bd6 6. c3 O-O 7. Bg3 Qc7 8. dxc5
Qxc5 9. Bd3 Bxg3 10. hxg3 h6 11. Qe2 Nc6 12. e4 dxe4 13. Nxe4 Nxe4 14. Qxe4 f5
15. Qc4 Qxc4 16. Bxc4 Na5 17. Bb5 a6 18. Be2 b5 19. Ne5 Bb7 20. O-O Nc6 21. Nd7
Rf7 22. Nc5 e5 23. Rad1 e4 24. a4 bxa4 25. Bc4 Ne5 26. Bxf7+ Kxf7 27. Nxb7 Rb8
28. Nc5 Rxb2 29. Nxa4 Ra2 30. Ra1 Rc2 31. Rfc1 Rd2 32. Nc5 Ng4 33. Rf1 Rc2 34.
Rxa6 Rxc3 35. Ne6 Ne5 36. Nd4 Rd3 37. Nxf5 g6 38. Ra7+ Kf6 39. Nxh6 1-0

[Event "Titled Tue 20th May Early"]
[Site "chess.com INT"]
[Date "2025.05.20"]
[Round "8"]
[White "Mikhalsky, Vladimir"]
[Black "Arslanov, Shamil"]
[Result "0-1"]
[BlackTitle "IM"]
[WhiteElo "2219"]
[BlackElo "2410"]
[WhiteFideId "14144352"]
[BlackFideId "4192826"]
[EventDate "2025.05.20"]

1. d4 e5 2. dxe5 d6 3. exd6 Bxd6 4. Nf3 Nc6 5. Nc3 Bg4 6. e4 Qe7 7. h3 Bh5 8.
Be2 O-O-O 9. Bg5 Nf6 10. Qc1 h6 11. Nd5 Qxe4 12. Bxf6 Rde8 13. Nc3 Bb4 14. Qe3
Qxc2 15. Be5 Bxf3 16. Qxf3 Nxe5 17. Qg3 Bxc3+ 18. Qxc3 Nd3+ 19. Kf1 Qxe2+ 20.
Kg1 Qxf2+ 21. Kh2 Qf4+ 22. Kg1 Qg3 23. Rd1 Re3 0-1

[Event "Titled Tue 20th May Early"]
[Site "chess.com INT"]
[Date "2025.05.20"]
[Round "8"]
[White "Rozman, Levy"]
[Black "Buchenau, Frank"]
[Result "1-0"]
[WhiteTitle "IM"]
[BlackTitle "FM"]
[WhiteElo "2324"]
[BlackElo "2190"]
[WhiteFideId "2039877"]
[BlackFideId "4604350"]
[EventDate "2025.05.20"]

1. d4 e6 2. Nf3 Nf6 3. Bg5 c5 4. e3 Be7 5. c3 b6 6. Bd3 Bb7 7. Nbd2 cxd4 8. exd4
Nd5 9. Bxe7 Qxe7 10. O-O Nf4 11. Bc2 f5 12. Qe1 O-O 13. Qe5 g5 14. Rfe1 Nc6 15.
Qb5 g4 16. Ne5 Nxg2 17. Bb3 Nxe5 18. Rxe5 Qg5 19. Qxd7 Bf3 20. Rxe6 Kh8 21. Re7
Qh6 22. Nxf3 gxf3 23. Rd1 Nf4 24. Kh1 Qh3 25. Rg1 Ne2 26. Qd6 Qh4 27. Rxh7+ Kxh7
28. Qg6+ Kh8 29. Qg7# 1-0

[Event "Titled Tue 20th May Early"]
[Site "chess.com INT"]
[Date "2025.05.20"]
[Round "8"]
[White "Korchynskyi, Mykola"]
[Black "Begmuratov, Alisher"]
[Result "1-0"]
[WhiteTitle "FM"]
[BlackTitle "FM"]
[WhiteElo "2325"]
[BlackElo "2395"]
[WhiteFideId "34138005"]
[BlackFideId "14203367"]
[EventDate "2025.05.20"]

1. d4 Nf6 2. c4 e6 3. Nf3 Bb4+ 4. Nbd2 O-O 5. a3 Bxd2+ 6. Bxd2 d5 7. e3 b6 8.
cxd5 exd5 9. Rc1 Nbd7 10. Bb5 c5 11. dxc5 bxc5 12. O-O Bb7 13. b4 c4 14. Bc3 Ne4
15. Bxd7 Qxd7 16. Qd4 f6 17. Rfd1 Qf7 18. Nd2 Nxc3 19. Rxc3 a5 20. b5 a4 21. Nf3
Qc7 22. h3 Ra5 23. Rb1 Re8 24. b6 Qe7 25. Qf4 Rc8 26. Nd4 g6 27. Rb4 Kg7 28. Qg4
Kf7 29. Qh4 Kg7 30. Qg4 Kf7 31. h4 h5 32. Qf4 Kg7 33. e4 dxe4 34. Rbxc4 Rxc4 35.
Rxc4 Rc5 36. Rxc5 Qxc5 37. Ne6+ 1-0

[Event "Titled Tue 20th May Early"]
[Site "chess.com INT"]
[Date "2025.05.20"]
[Round "8"]
[White "Marcziter, Dmitrii"]
[Black "Bigabylov, Zhuban"]
[Result "1-0"]
[WhiteTitle "FM"]
[BlackTitle "FM"]
[WhiteElo "2208"]
[BlackElo "2031"]
[WhiteFideId "13900765"]
[BlackFideId "13701495"]
[EventDate "2025.05.20"]

1. e4 c5 2. Nf3 Nc6 3. Bb5 e5 4. Bxc6 dxc6 5. h3 Bd6 6. d3 Ne7 7. a4 O-O 8. a5
f5 9. exf5 Bxf5 10. Nc3 Ng6 11. O-O Qf6 12. Ng5 Rad8 13. Qh5 h6 14. Nge4 Bxe4
15. Nxe4 Qf7 16. Be3 Nf4 17. Qxf7+ Rxf7 18. Nxd6 Rxd6 19. Bxc5 Rg6 20. g3 Nxh3+
21. Kh2 Ng5 22. Bxa7 h5 23. f4 exf4 24. Rxf4 Nf3+ 25. Kh3 Rxf4 26. gxf4 h4 27.
Bf2 Kf7 28. a6 bxa6 29. Rxa6 Kg8 30. Ra5 Kf7 31. Rh5 Kf6 32. Bxh4+ Kf7 33. Bf2
Re6 34. Kg4 Nd2 35. Rf5+ Kg6 36. Re5 Rd6 37. Re2 Nf1 38. Kf3 Nh2+ 39. Kg3 Nf1+
40. Kg2 1-0

[Event "Titled Tue 20th May Early"]
[Site "chess.com INT"]
[Date "2025.05.20"]
[Round "8"]
[White "Dahal, Sushrut"]
[Black "Zepeda Berlanga, Jan Enrique"]
[Result "1-0"]
[WhiteTitle "CM"]
[BlackTitle "CM"]
[WhiteElo "2056"]
[BlackElo "1941"]
[WhiteFideId "12303275"]
[BlackFideId "5132355"]
[EventDate "2025.05.20"]

1. d4 Nf6 2. Nc3 d5 3. Bf4 c5 4. e4 cxd4 5. Qxd4 e6 6. exd5 exd5 7. O-O-O Be6 8.
Nb5 Na6 9. Nf3 Bc5 10. Qa4 O-O 11. Bg5 Bxf2 12. Bd3 h6 13. Bf4 Bc5 14. Rhf1 Rc8
15. Kb1 Nb4 16. Nbd4 Bd7 17. Qb3 a5 18. a4 Nxd3 19. cxd3 Bc6 20. Nb5 Re8 21. d4
Bb4 22. Ne5 Qb6 23. Nd6 Ne4 24. Nxc8 Rxc8 25. Be3 Qd8 26. Nxf7 Qd7 27. Ne5 Qe7
28. Bf4 Rf8 29. Ng6 Qe6 30. Nxf8 Bxf8 31. Rde1 Qd7 32. Rxe4 1-0

[Event "Titled Tue 20th May Early"]
[Site "chess.com INT"]
[Date "2025.05.20"]
[Round "8"]
[White "Bodemar, Jonathan"]
[Black "Onur, Cigdem"]
[Result "1-0"]
[WhiteTitle "CM"]
[BlackTitle "WCM"]
[WhiteElo "2150"]
[BlackElo "1966"]
[WhiteFideId "6205488"]
[BlackFideId "6346030"]
[EventDate "2025.05.20"]

1. e4 e5 2. Nf3 Nc6 3. Bc4 Nf6 4. Ng5 d5 5. exd5 Na5 6. Bb5+ c6 7. dxc6 bxc6 8.
Bd3 h6 9. Ne4 Nd5 10. Ng3 Nf4 11. Bf1 Qd5 12. Qf3 Qxf3 13. gxf3 h5 14. d3 h4 15.
Ne2 Ne6 16. f4 Bd6 17. fxe5 Bxe5 18. c3 c5 19. f4 Bf6 20. Bg2 Bb7 21. Bxb7 Nxb7
22. Nd2 Nd6 23. Ne4 Nxe4 24. dxe4 h3 25. Kf2 O-O-O 26. Be3 Bh4+ 27. Kf3 Rd3 28.
Rad1 Rhd8 29. Rxd3 Rxd3 30. Nc1 Rd8 31. Kg4 Bf6 32. Kxh3 g5 33. f5 Nf4+ 34. Kg4 1-0

[Event "Titled Tue 20th May Early"]
[Site "chess.com INT"]
[Date "2025.05.20"]
[Round "8"]
[White "Chiang, Jacob"]
[Black "Brancaleoni, Maurizio"]
[Result "1/2-1/2"]
[BlackTitle "FM"]
[WhiteElo "2006"]
[BlackElo "2185"]
[WhiteFideId "30962331"]
[BlackFideId "803022"]
[EventDate "2025.05.20"]

1. c4 b6 2. Nc3 Bb7 3. d4 e6 4. Nf3 Nf6 5. Bg5 Be7 6. e3 O-O 7. Bd3 h6 8. h4 d5
9. Ne5 c5 10. cxd5 cxd4 11. exd4 Nxd5 12. Bxe7 Qxe7 13. Qd2 Nd7 14. Nf3 Qd6 15.
Ne4 Qf4 16. a3 Qxd2+ 17. Kxd2 Nf4 18. g3 Nxd3 19. Kxd3 Rfd8 20. Rac1 Nc5+ 21.
Nxc5 Bxf3 22. Ne4 Bxh1 23. Rxh1 Rac8 24. Nc3 Kf8 25. Re1 Ke7 26. Re5 f6 27. Re4
e5 28. d5 a6 29. f4 Kd6 30. Rb4 Rb8 31. fxe5+ Kxe5 32. Rg4 g5 33. hxg5 hxg5 34.
Re4+ Kd6 35. Re6+ Kd7 36. Rxf6 Rf8 37. Ne4 Rxf6 38. Nxf6+ Kd6 39. Kd4 Rf8 40.
Ne4+ Kd7 41. Nxg5 Rf2 42. b4 Rd2+ 43. Ke5 Re2+ 44. Ne4 Re3 45. g4 Rxa3 46. Nf6+
Kd8 47. g5 Rg3 48. Ne4 Rg1 49. Kf6 a5 50. bxa5 bxa5 51. Nc5 Rd1 52. Nb7+ Kd7 53.
Nxa5 Rxd5 54. Nc4 Rxg5 55. Kxg5 1/2-1/2

[Event "Titled Tue 20th May Early"]
[Site "chess.com INT"]
[Date "2025.05.20"]
[Round "8"]
[White "Genkeswaran, Genivan"]
[Black "Grodotzki, Kenneth"]
[Result "0-1"]
[WhiteTitle "CM"]
[BlackTitle "CM"]
[WhiteElo "2197"]
[BlackElo "1984"]
[WhiteFideId "5754496"]
[BlackFideId "4648560"]
[EventDate "2025.05.20"]

1. e4 d6 2. d4 Nf6 3. Nc3 g6 4. Nf3 Bg7 5. Bc4 c6 6. O-O b5 7. Bb3 b4 8. Ne2
Nxe4 9. Re1 O-O 10. Nf4 d5 11. Nd3 a5 12. a3 a4 13. Ba2 bxa3 14. bxa3 Nd7 15. c4
e6 16. Bf4 Ba6 17. Nb4 Bb7 18. c5 f6 19. Qc2 e5 20. dxe5 fxe5 21. Bxe5 Nxe5 22.
Nxe5 Bxe5 23. Qxe4 Bxa1 24. Qe6+ Kh8 25. Rxa1 Qh4 26. Rf1 Rae8 27. Qd6 Rxf2 28.
Rd1 Rf6 29. Qc7 Bc8 30. Nxc6 Qf2+ 31. Kh1 Qf1+ 32. Rxf1 Rxf1# 0-1

[Event "Titled Tue 20th May Early"]
[Site "chess.com INT"]
[Date "2025.05.20"]
[Round "8"]
[White "Waldhausen Gordon, Frederick"]
[Black "Kavutskiy, Kostya"]
[Result "1-0"]
[WhiteTitle "FM"]
[BlackTitle "IM"]
[WhiteElo "2397"]
[BlackElo "2356"]
[WhiteFideId "2409143"]
[BlackFideId "2026384"]
[EventDate "2025.05.20"]

1. d4 Nf6 2. c4 g6 3. Nf3 Bg7 4. g3 O-O 5. Bg2 d6 6. O-O Nc6 7. Nc3 e5 8. dxe5
dxe5 9. Bg5 Be6 10. Qa4 h6 11. Rad1 Qc8 12. Bc1 Nd7 13. Nd5 Kh7 14. Qc2 f5 15.
e4 Nd4 16. Nxd4 exd4 17. Nf4 Bg8 18. exf5 Rxf5 19. Be4 Nf6 20. Bxf5 gxf5 21.
Rxd4 Ng4 22. Rdd1 Qf8 23. f3 Qc5+ 24. Kg2 Nf6 25. b3 Kh8 26. Rfe1 b5 27. Be3 Qc6
28. Ng6+ Kh7 29. Ne7 Qe6 30. Bxh6 Qf7 31. Qxf5+ Kxh6 32. Re5 Bh8 33. Rd4 Kg7 34.
Qg5+ Kf8 35. Ng6+ Kg7 36. Re7 bxc4 37. Nxh8+ Kxh8 38. Rxf7 1-0

[Event "Titled Tue 20th May Early"]
[Site "chess.com INT"]
[Date "2025.05.20"]
[Round "8"]
[White "Mafra, Kaiser Luiz"]
[Black "Burmakin, Vladimir"]
[Result "0-1"]
[WhiteTitle "CM"]
[BlackTitle "GM"]
[WhiteElo "2094"]
[BlackElo "2435"]
[WhiteFideId "2106698"]
[BlackFideId "4105109"]
[EventDate "2025.05.20"]

1. d4 c6 2. Nc3 d5 3. Bf4 Nf6 4. e3 Qb6 5. Qd2 Qxb2 6. Rb1 Qa3 7. Nf3 e6 8. Rb3
Qa5 9. Bd3 Nbd7 10. O-O Be7 11. h3 Qd8 12. e4 dxe4 13. Nxe4 Nxe4 14. Bxe4 Nf6
15. Bd3 O-O 16. c4 b6 17. Bb1 Bb7 18. Ne5 Nd7 19. Rg3 Nxe5 20. Bxe5 Bf6 21. Qf4
Bxe5 22. dxe5 f5 23. exf6 Qxf6 24. Qe4 g6 25. Kh2 Rf7 26. Rf3 Qe7 27. Re1 Qd6+
28. Kg1 c5 29. Qxe6 Qxe6 30. Rxe6 Bxf3 31. gxf3 Kf8 32. Kg2 Re8 33. Rxe8+ Kxe8
34. Be4 Ke7 35. Kg3 Kf6 36. Kg4 Re7 37. h4 Rd7 38. Bd5 Re7 39. Be4 h5+ 40. Kf4
Re5 41. a3 g5+ 42. hxg5+ Rxg5 0-1

[Event "Titled Tue 20th May Early"]
[Site "chess.com INT"]
[Date "2025.05.20"]
[Round "8"]
[White "Tran, Vo Quoc Bao"]
[Black "Mirimanian, Hayk"]
[Result "0-1"]
[BlackTitle "FM"]
[WhiteElo "2096"]
[BlackElo "2237"]
[WhiteFideId "12425184"]
[BlackFideId "4700180"]
[EventDate "2025.05.20"]

1. e4 e5 2. Nf3 Nc6 3. Bb5 a6 4. Ba4 Nf6 5. O-O Be7 6. d3 b5 7. Bb3 d6 8. c3 O-O
9. Nbd2 Na5 10. Bc2 c5 11. Re1 Nc6 12. Nf1 Re8 13. Ng3 g6 14. a4 Bb7 15. Bg5 Bf8
16. Qd2 Bg7 17. h3 Qd7 18. Bb3 c4 19. Bc2 cxd3 20. Qxd3 b4 21. Rad1 bxc3 22.
Qxd6 Nd4 23. Qxd7 Nxd7 24. Nxd4 exd4 25. bxc3 Rac8 26. Rb1 Ba8 27. Bd3 Nc5 28.
Bf1 dxc3 29. f3 c2 30. Rbc1 Nb3 31. Ne2 Bb2 32. Be3 Red8 33. Kf2 Nxc1 34. Nxc1
Rd1 35. Bxa6 Rcd8 36. Be2 Bc6 37. a5 Ba4 38. Nd3 R8xd3 39. Bxd3 Rxd3 40. a6 Ra3
41. Bc1 Bxc1 42. Rxc1 Bb3 43. Ke3 Rxa6 44. Kd4 Rd6+ 45. Kc3 Rd1 0-1

[Event "Titled Tue 20th May Early"]
[Site "chess.com INT"]
[Date "2025.05.20"]
[Round "8"]
[White "Tsydypov, Zhamsaran"]
[Black "Kosakowski, Jakub"]
[Result "0-1"]
[WhiteTitle "GM"]
[BlackTitle "GM"]
[WhiteElo "2514"]
[BlackElo "2530"]
[WhiteFideId "4108566"]
[BlackFideId "1185080"]
[EventDate "2025.05.20"]

1. e4 c6 2. d4 d5 3. e5 Bf5 4. Nd2 e6 5. Nb3 a6 6. Be3 Nd7 7. c3 Rc8 8. Nf3 c5
9. Be2 h6 10. h3 c4 11. Nbd2 b5 12. O-O Ne7 13. Ne1 Bg6 14. f4 b4 15. g4 h5 16.
Ng2 Be4 17. f5 exf5 18. Nxe4 fxe4 19. gxh5 Rc6 20. Bg4 g6 21. e6 fxe6 22. hxg6
Nf5 23. Rxf5 exf5 24. Bxf5 Nf6 25. Qa4 Qb6 26. Rf1 Bg7 27. cxb4 O-O 28. Nf4 c3
29. Qb3 Qb5 30. bxc3 Qc4 31. Qxc4 Rxc4 32. Ne6 Rxc3 33. Nxf8 Rxe3 34. Ne6 Rg3+
35. Kh2 Rc3 36. a4 Nh5 37. b5 axb5 38. axb5 Ng3 39. Rf2 e3 40. Kxg3 e2+ 41. Kg2
e1=Q 42. Ng5 Bxd4 43. Be6+ Kg7 44. Rf7+ Kxg6 0-1

[Event "Titled Tue 20th May Early"]
[Site "chess.com INT"]
[Date "2025.05.20"]
[Round "8"]
[White "Pacheco, Daniel"]
[Black "Yonal, Timur"]
[Result "1-0"]
[WhiteTitle "FM"]
[BlackTitle "FM"]
[WhiteElo "2191"]
[BlackElo "2249"]
[WhiteFideId "101680"]
[BlackFideId "44115725"]
[EventDate "2025.05.20"]

1. Nf3 Nf6 2. b3 d5 3. Bb2 c5 4. e3 e6 5. Bb5+ Bd7 6. a4 Bd6 7. O-O a6 8. Bxd7+
Nbxd7 9. a5 O-O 10. d3 Re8 11. Nbd2 Qc7 12. e4 Ne5 13. Re1 Rad8 14. Qe2 Nxf3+
15. Nxf3 Be7 16. Be5 Qc6 17. Ra4 d4 18. Bxf6 gxf6 19. Nd2 Kh8 20. Qh5 Rg8 21.
Qxf7 Rg7 22. Qh5 Rdg8 23. g3 Rg5 24. Qe2 Bd6 25. Nc4 Bc7 26. Kh1 f5 27. Raa1 f4
28. Rg1 fxg3 29. fxg3 Qe8 30. Raf1 Qg6 31. Rf3 h5 32. Rgf1 h4 33. Rf6 Qh5 34.
Qxh5+ Rxh5 35. Kg2 hxg3 36. h3 Rg7 37. Rxe6 Kh7 38. e5 Bd8 39. Nd6 Bg5 40. Ne4 1-0

[Event "Titled Tue 20th May Early"]
[Site "chess.com INT"]
[Date "2025.05.20"]
[Round "8"]
[White "Maltsevskaya, Aleksandra"]
[Black "Ostanin, Vadim"]
[Result "0-1"]
[WhiteTitle "IM"]
[BlackTitle "FM"]
[WhiteElo "2398"]
[BlackElo "2317"]
[WhiteFideId "24174041"]
[BlackFideId "24125016"]
[EventDate "2025.05.20"]

1. e4 c5 2. Nf3 d6 3. Bb5+ Bd7 4. Bxd7+ Nxd7 5. O-O Ngf6 6. Re1 e6 7. c3 Be7 8.
d4 O-O 9. Nbd2 cxd4 10. cxd4 Rc8 11. a3 Qc7 12. Nb1 d5 13. e5 Ne4 14. Nfd2 f5
15. Nxe4 dxe4 16. Nc3 Nb6 17. Bf4 Rfd8 18. Rc1 Qd7 19. Qb3 Kf7 20. Red1 Nd5 21.
g3 h5 22. h4 Rc6 23. Ne2 Rdc8 24. Rxc6 Rxc6 25. Rc1 Nxf4 26. gxf4 Rxc1+ 27. Nxc1
Qxd4 28. Ne2 Qd3 29. Qxd3 exd3 30. Nc3 Bxh4 31. Kg2 g5 32. fxg5 Bxg5 33. b3 Bf4 0-1

[Event "Titled Tue 20th May Early"]
[Site "chess.com INT"]
[Date "2025.05.20"]
[Round "8"]
[White "Gilfanov, Marat I"]
[Black "Tahbaz, Arash"]
[Result "0-1"]
[WhiteTitle "FM"]
[BlackTitle "IM"]
[WhiteElo "2379"]
[BlackElo "2462"]
[WhiteFideId "34372164"]
[BlackFideId "12528846"]
[EventDate "2025.05.20"]

1. d4 g6 2. c4 Bg7 3. Nc3 d6 4. Nf3 Nc6 5. e4 Bg4 6. Be3 e5 7. d5 Nd4 8. Be2
Bxf3 9. Bxf3 Ne7 10. O-O O-O 11. g3 c5 12. Bg2 f5 13. f4 Rb8 14. Bh3 a6 15. a4
b5 16. axb5 axb5 17. exf5 Nexf5 18. Bxd4 Nxd4 19. fxe5 Bxe5 20. cxb5 Nxb5 21.
Be6+ Kh8 22. Qd2 Nd4 23. Ra7 Rxf1+ 24. Kxf1 Qf6+ 25. Kg2 Qf3+ 26. Kh3 Qh5+ 27.
Kg2 Nf3 28. Qe2 Qxh2+ 29. Kxf3 Qxg3+ 30. Ke4 Rb4+ 31. Qc4 Rxc4# 0-1

[Event "Titled Tue 20th May Early"]
[Site "chess.com INT"]
[Date "2025.05.20"]
[Round "8"]
[White "So, Wesley"]
[Black "Martinez Alcantara, Jose Eduardo"]
[Result "0-1"]
[WhiteTitle "GM"]
[BlackTitle "GM"]
[WhiteElo "2751"]
[BlackElo "2611"]
[WhiteFideId "5202213"]
[BlackFideId "3805662"]
[EventDate "2025.05.20"]

1. b3 b6 2. Nf3 Bb7 3. g3 Nf6 4. Bg2 e6 5. c4 c5 6. O-O Be7 7. d4 cxd4 8. Bb2
O-O 9. Qxd4 Nc6 10. Qf4 d5 11. Rd1 Qe8 12. Na3 Rd8 13. Nb5 dxc4 14. Qxc4 Rxd1+
15. Rxd1 Na5 16. Qa4 Bc6 17. Nfd4 Bd7 18. b4 Nc4 19. Ba1 e5 20. Qb3 exd4 21. Nc7
Qb8 22. Qxc4 Rc8 23. Na6 Rxc4 24. Nxb8 Ba4 25. Rb1 Bxb4 26. Bf3 Bd6 27. Na6 h5
28. Bb2 Bb5 29. Ba3 Bxa3 30. Rxb5 Rc2 31. Rb3 Rxa2 32. Rd3 Bc5 33. Nxc5 bxc5 34.
Rb3 g6 35. Rb8+ Kg7 36. Rc8 Rc2 37. Ra8 c4 38. Rxa7 c3 39. Kg2 Rd2 40. Rc7 Ne8
41. Rc6 Nf6 42. h3 Nh7 43. Rc5 Kh6 44. Bd5 Rxe2 45. Bxf7 Ng5 46. Bb3 Rxf2+ 0-1

[Event "Titled Tue 20th May Early"]
[Site "chess.com INT"]
[Date "2025.05.20"]
[Round "8"]
[White "Pham, Le Thao Nguyen"]
[Black "Csonka, Balazs"]
[Result "1/2-1/2"]
[WhiteTitle "IM"]
[BlackTitle "IM"]
[WhiteElo "2388"]
[BlackElo "2469"]
[WhiteFideId "12401226"]
[BlackFideId "742910"]
[EventDate "2025.05.20"]

1. d4 d5 2. Nf3 Nf6 3. Bf4 c5 4. e3 Nc6 5. Nbd2 e6 6. c3 Bd6 7. Bg3 O-O 8. Bd3
b6 9. e4 Be7 10. e5 Nh5 11. a3 g6 12. Qe2 a5 13. O-O c4 14. Bc2 b5 15. h4 Rb8
16. Qe3 b4 17. Ba4 Bd7 18. Bxc6 Bxc6 19. a4 bxc3 20. bxc3 Rb2 21. Rfb1 Rxb1+ 22.
Nxb1 Qd7 23. Nbd2 Rb8 24. Bf4 Bxa4 25. Bg5 Bf8 26. Nh2 Bc2 27. Rxa5 Bd3 28. Ng4
Qc7 29. Ra1 Ng7 30. Nf6+ Kh8 31. g4 Ne8 32. Nxe8 Rxe8 33. Qf4 Kg8 34. Bh6 Be7
35. Bg5 Bf8 36. Bh6 Be7 37. Bg5 Bf8 1/2-1/2

[Event "Titled Tue 20th May Early"]
[Site "chess.com INT"]
[Date "2025.05.20"]
[Round "8"]
[White "Ndirangu, Nyaruai, Joyce"]
[Black "Rose, Felix"]
[Result "1-0"]
[WhiteTitle "WCM"]
[BlackTitle "CM"]
[WhiteElo "1933"]
[BlackElo "2093"]
[WhiteFideId "10802886"]
[BlackFideId "5105722"]
[EventDate "2025.05.20"]

1. d4 d5 2. Bf4 c5 3. e3 cxd4 4. exd4 Nc6 5. c3 Bf5 6. Nd2 e6 7. Ngf3 Bd6 8. Bg5
Be7 9. Bf4 Bd6 10. Bg5 Nge7 11. Bb5 O-O 12. O-O a6 13. Ba4 b5 14. Bb3 Qc7 15.
Re1 b4 16. Rc1 bxc3 17. Rxc3 Qb6 18. Nf1 Bb4 19. Ree3 Bxc3 20. Rxc3 Rfc8 21. Ne3
Be4 22. Bxe7 Nxe7 23. Ne5 h6 24. Nd7 Qd8 25. Nc5 Bg6 26. Ng4 Nf5 27. Ne5 Bh7 28.
g4 Nd6 29. Qf3 Qf6 30. Qg3 Qg5 31. f4 Qe7 32. g5 Ne4 33. Nxe4 Bxe4 34. gxh6 g6
35. Nxg6 Bxg6 36. f5 exf5 37. Bxd5 Rxc3 38. bxc3 Rd8 39. Bb3 Re8 40. Qxg6+ Kf8
41. Qg7# 1-0

[Event "Titled Tue 20th May Early"]
[Site "chess.com INT"]
[Date "2025.05.20"]
[Round "8"]
[White "Papasimakopoulos, Alexandros"]
[Black "Tari, Aryan"]
[Result "0-1"]
[WhiteTitle "IM"]
[BlackTitle "GM"]
[WhiteElo "2366"]
[BlackElo "2636"]
[WhiteFideId "4244125"]
[BlackFideId "1510045"]
[EventDate "2025.05.20"]

1. d4 d5 2. c4 e6 3. Nc3 c5 4. cxd5 cxd4 5. Qa4+ Bd7 6. Qxd4 exd5 7. Qxd5 Nf6 8.
Qd1 Bc5 9. Nf3 O-O 10. e3 Nc6 11. Be2 Qe7 12. O-O Rfd8 13. Bd2 Bg4 14. Qc1 Rac8
15. Rd1 a6 16. Be1 Bd6 17. Qc2 b5 18. a3 Re8 19. Rac1 Na5 20. h3 Bd7 21. Qd2 Nb3
22. Qxd6 Nxc1 23. Qxa6 Rxc3 24. bxc3 Nxe2+ 25. Kf1 Nf4 26. Rxd7 Qxd7 27. exf4
Qd3+ 28. Kg1 h6 29. Bd2 Ne4 30. Be3 Nxc3 31. Ne5 Qb1+ 32. Kh2 Ne2 33. Nf3 Rd8
34. a4 Rd1 35. g4 Rh1+ 36. Kg2 Qf1# 0-1

[Event "Titled Tue 20th May Early"]
[Site "chess.com INT"]
[Date "2025.05.20"]
[Round "8"]
[White "Sahib, Singh"]
[Black "Punin, Andrii"]
[Result "1/2-1/2"]
[WhiteTitle "FM"]
[BlackTitle "FM"]
[WhiteElo "2416"]
[BlackElo "2289"]
[WhiteFideId "25618342"]
[BlackFideId "14112639"]
[EventDate "2025.05.20"]

1. e4 d5 2. exd5 Qxd5 3. Nc3 Qa5 4. d4 Nf6 5. Nf3 Bf5 6. Bc4 e6 7. Bd2 Bb4 8.
O-O c6 9. a3 Bxc3 10. Bxc3 Qc7 11. Re1 O-O 12. Qe2 Nbd7 13. Ne5 Nxe5 14. dxe5
Nd5 15. Bd2 Bxc2 16. Bxd5 cxd5 17. Rac1 Rfc8 18. Qg4 Qc4 19. Qg3 Qd3 20. Qxd3
Bxd3 21. Rc3 Rxc3 22. Bxc3 Rc8 23. Rd1 Bf5 24. f3 h5 25. Kf2 b6 26. h3 Bg6 27.
g4 Kf8 28. Rd4 Rc4 29. Ke3 Rxd4 30. Kxd4 Ke8 31. h4 Kd7 32. Bb4 Ke8 33. Bd6 Bc2
34. gxh5 Bd1 35. f4 Bxh5 36. Bb8 Kd7 37. Bd6 f6 38. Bf8 fxe5+ 39. Kxe5 g6 40.
Bb4 Bg4 41. Kf6 Bf5 42. Bc3 a5 43. b4 axb4 44. Bxb4 d4 45. Ke5 d3 46. Bd2 Kc6
47. Bb4 Kb5 48. Kd4 Kc6 49. Ke5 Kd7 50. Kf6 b5 51. Ke5 Kc6 52. Kd4 Bg4 53. Kxd3
Kd5 1/2-1/2

[Event "Titled Tue 20th May Early"]
[Site "chess.com INT"]
[Date "2025.05.20"]
[Round "8"]
[White "Reshetnikov, Alexey"]
[Black "Galchenko, Matvey"]
[Result "0-1"]
[WhiteTitle "IM"]
[BlackTitle "IM"]
[WhiteElo "2492"]
[BlackElo "2442"]
[WhiteFideId "4162080"]
[BlackFideId "24175480"]
[EventDate "2025.05.20"]

1. d4 Nf6 2. c4 c5 3. d5 e6 4. Nc3 exd5 5. cxd5 d6 6. Nf3 g6 7. Nd2 Bg7 8. e4
O-O 9. Be2 Re8 10. O-O Na6 11. a4 Nb4 12. Ra3 b6 13. Bb5 Bd7 14. Re1 a6 15. Bxd7
Nxd7 16. Na2 Nxa2 17. Rxa2 b5 18. b3 Ne5 19. Nf3 Qb6 20. h3 Ra7 21. Bf4 Nxf3+
22. Qxf3 Rae7 23. axb5 axb5 24. Rae2 c4 25. bxc4 bxc4 26. Qg3 Rxe4 27. Rxe4 Rxe4
28. Rxe4 Qb1+ 29. Kh2 Qxe4 30. Bxd6 c3 31. Bf4 Qxd5 32. Qe3 h5 33. g3 c2 34. h4
Bb2 35. Qe8+ Kg7 36. Qc8 Qd1 37. Qc7 c1=Q 38. Bxc1 0-1

[Event "Titled Tue 20th May Early"]
[Site "chess.com INT"]
[Date "2025.05.20"]
[Round "8"]
[White "Napoli, Nicolo"]
[Black "Vlassov, Nikolai"]
[Result "0-1"]
[WhiteTitle "FM"]
[BlackTitle "IM"]
[WhiteElo "2245"]
[BlackElo "2291"]
[WhiteFideId "813702"]
[BlackFideId "4103360"]
[EventDate "2025.05.20"]

1. e4 Nc6 2. d4 d5 3. Nc3 e5 4. exd5 Nxd4 5. Nf3 Bg4 6. Be3 Bxf3 7. gxf3 Bb4 8.
Bxd4 exd4 9. Qxd4 Qe7+ 10. Qe3 O-O-O 11. O-O-O Qxe3+ 12. fxe3 Ne7 13. e4 f5 14.
Bh3 Kb8 15. Ne2 Rhf8 16. Nd4 fxe4 17. Ne6 Rxf3 18. Nxd8 Rxh3 19. c3 Bc5 20. Ne6
Bf2 21. Ng5 Rh4 22. Kb1 e3 23. Rdf1 Nxd5 24. Nf3 Rf4 25. Nd4 c5 26. Ne2 Rf3 27.
Kc2 c4 28. Rd1 Nf4 29. Nxf4 Rxf4 30. Rdf1 e2 31. Rxf2 Rxf2 32. Kd2 e1=Q+ 33.
Kxe1 Rxb2 34. Rf1 Rb1+ 0-1